000 00656nam a22002057a 4500
005 20171017143427.0
010 _aENG-121017
020 _c190.00
_a9789381496107
035 _aEN-104549
037 _bDBAD/PUB
082 _a616.079
100 _aKothari, Manu
245 _aImmunology revisited :
_cby Manu Kothari [and] Lopa Mehta
_bprinciples-n-parlance revised /
260 _aMumbai
_bBhalani Publishing House
_c2012
270 _a11 Mavawala Buliding, Opp. K.E.M. Hospital Parel
_bMumbai
_e400012
300 _aviii,132p.
_c21.5cm(pbk)
500 _aIncludes index
700 _aMehta, Lopa
942 _2ddc
_cEN
_h616.079
_mKOT
999 _c146709
_d146709